The guns of independence (Record no. 132372)
[ view plain ]
| 000 -LEADER | |
|---|---|
| fixed length control field | 01915nam a2200337 a 4500 |
| 082 04 - DEWEY DECIMAL CLASSIFICATION NUMBER | |
| Classification number | 973.3/37 |
| 100 1# - MAIN ENTRY--AUTHOR NAME | |
| Personal name | Greene, Jerome A. |
| 245 14 - TITLE STATEMENT | |
| Title | The guns of independence |
| 260 ## - PUBLICATION, DISTRIBUTION, ETC. (IMPRINT) | |
| Place of publication | New York : |
| Name of publisher | Savas Beatie ; |
| Place of publication | Staplehurst, U.K. : |
| Name of publisher | Spellmount, |
| Year of publication | 2005. |
| 300 ## - PHYSICAL DESCRIPTION | |
| Number of Pages | xix, 507 p. : |
| Other physical details | ill., maps. |
| 505 0# - FORMATTED CONTENTS NOTE | |
| Formatted contents note | The campaign of the allies -- The lion comes to Yorktown -- The British positions -- Washington takes command -- Investment -- The noose tightens -- The lion at bay -- On the verge -- The guns of October -- The earth trembles -- Night of heroes -- Hopes bright and dim -- Britain against the sky -- Broken sword -- Endings, beginnings -- Postscript : thereafter -- Appendix 1. Modern photographic gallery -- Appendix 2. The Washington and Cornwallis correspondence -- Appendix 3. The Articles of Capitulation, October 19, 1781 -- Appendix 4. The archaeology of the French Grand Battery complex -- Appendix 5. The artillery at Yorktown. |
| 856 40 - ELECTRONIC LOCATION AND ACCESS | |
| Uniform Resource Identifier | http://site.ebrary.com/lib/rucke/Doc?id=10498867 |
No items available.
